000 01925nam a2200409 c 4500
003 BLK
005 20191101125039.0
008 180410b bul|||||r ||||||| ||bul||
010 _aKNG00151942000
020 _a978-954-28-1053-7
_bиздат.: Сиела Норма
040 _aBLK
041 _aBUL
_cBUL
072 7 _2bullib
_aН34
_xПраво Н
080 _aКомпютърни престъпления
_b343.3/.7:681.324
_x
_z343.3/.7:681.324
080 _aСпомагателно цифрово оборудване. Запомнящи устройства. Периферийни устройства. Интерфейсно оборудване
_b681.327
_x.07
_z681.327.07
100 1 _aГлени, Миша
_eпърви автор
_954397
700 1 _aНиколов, Александър Николов
_eпрев. от англ.
_9365135
139 _aГлени, Миша
_bГ 54
245 1 0 _a[Даркмаркет] DarkMarket : киберкрадци, киберченгета и самият ти
_bКак хакерите станаха новата мафия
_cМиша Глени; прев. от англ. Александър Николов Николов.
257 _aGBR
260 София
_bСиела Норма
_c2012
300 _a320 с.
_c21 см
380 _a3
490 1 _aПоредица Войни и власт
500 _aОриг. загл. DarkMarket : Cyberthieves, cybercops and yoy / Misha Glenny.
650 4 _aКомпютърни престъпления
_9273635
650 4 _aОрганизирана престъпност - противодействие
_9289927
653 _aкибернетика
653 _aкиберпространство
653 _aхакери
659 _aН
852 _aЦб 265473
856 4 _qpdf
_u
856 4 _qpdf
_u
942 _cKNG
_n0
_04
944 _aCR
_c17.10.2013
_lф /
_kЛюдмила_Стоянова
944 _aED
_c17.06.2014
_lф /
_k
999 _c145757
_d145757